Miasta w Stanie Kalifornia - Nagła Śmierć - Statystyki

Ogólne statystyki
  • Ten quiz został rozwiązany 43 razy
    12 od ostatniego zresetowania
  • Średni wynik to 8 z 28
Answers on the Grid
Answers color-coded by a green-red scale on the quiz's grid according to % correct below.
Anaheim
Bakersfield
Charlotte
Chula Vista
Columbus
Corona
El Paso
Fontana
Fresno
Huntington Beach
Irvine
Las Cruces
Lexington
Long Beach
Los Angeles
Modesto
Moreno Valley
Oakland
Oceanside
Ontario
Oxnard
Palmdale
Pomona
Reno
Riverside
Rockford
Sacramento
San Antonio
San Diego
San Francisco
San Jose
Santa Ana
Santa Rosa
Sedona
Stockton
Sunnyvale
Tampa
Vacaville
Wilmington
Worcester
 
Statystyki odpowiedzi
Odpowiedź % Poprawnych
Los Angeles
67%
Sacramento
67%
San Diego
67%
Long Beach
56%
Bakersfield
44%
Chula Vista
44%
Fresno
44%
San Francisco
44%
Huntington Beach
33%
Moreno Valley
33%
Oakland
33%
Riverside
33%
San Jose
33%
Santa Ana
33%
Santa Rosa
33%
Fontana
22%
Modesto
22%
Pomona
22%
Stockton
22%
Sunnyvale
22%
Anaheim
11%
Corona
11%
Irvine
11%
Oceanside
11%
Oxnard
11%
Ontario
0%
Palmdale
0%
Vacaville
0%
Nie znaleziono quizów pasujących do podanych kryteriów
Rozkład punktacji
Procent ludzi z każdym wynikiem
Percentyl według liczby udzielonych odpowiedzi
Twoja historia wyników
Nie rozwiązałeś tego quizu od ostatniego zresetowania